<?xml version="1.0" encoding="UTF-8"?>
<collection xmlns="http://www.loc.gov/MARC21/slim">
    <record>
        <controlfield tag="001">61780</controlfield>
        <controlfield tag="005">20170707111733.0</controlfield>
        <datafield tag="040" ind1=" " ind2=" ">
            <subfield code="a">ES-ZaU</subfield>
        </datafield>
        <datafield tag="100" ind1=" " ind2=" ">
            <subfield code="a">Laurent, J., 1816-1886</subfield>
        </datafield>
        <datafield tag="245" ind1=" " ind2=" ">
            <subfield code="a">Vista del trascoro de la Iglesia de La Seo / J. Laurent</subfield>
        </datafield>
        <datafield tag="260" ind1=" " ind2=" ">
            <subfield code="a">[S.l.]</subfield>
            <subfield code="b">[s.n.]</subfield>
            <subfield code="c">[1816-1886]</subfield>
        </datafield>
        <datafield tag="300" ind1=" " ind2=" ">
            <subfield code="a">1 fotografía : papel albúmina;  34 x 25 cm, sobre papel 53 x 43 cm</subfield>
        </datafield>
        <datafield tag="500" ind1=" " ind2=" ">
            <subfield code="a">Copia original de época en blanco y negro. Formato horizontal. Vista del trascoro de la iglesia de la Seo, según reza en el ángulo inferior izquierdo. Se muestran dos lados del trascoro. El situado a la izquierda aparece cortado en la imagen y muestra cuatro columnas que separan un relieve; una escultura en hornacina y otro relieve. El situado a la derecha muestra doce columnas, que separan: escultura en hornacina; escultura en hornacina; vano constituido por un arco de medio punto y cerrado con una celosía de poca altura. Proyecta sombra delante de él, en contraste con el suelo iluminado; escultura en hornacina, que se intuye poco; vano constituido por un arco de medio punto y cerrado con una celosía de poca altura; lo que parece un relieve, que apenas se intuye; lo que parece un relieve, que apenas se intuye; vano constituido por un arco de medio punto y cerrado con una celosía de poca altura. Proyecta sombra delante de él, en contraste con el suelo iluminado; lo que parece un relieve, que apenas se intuye; vano constituido por un arco de medio punto y cerrado con una celosía de poca altura; lo que parece un relieve, que apenas se intuye. Por encima de los dos lados del trascoro, se disponen una serie de puttis o niños alados escultóricos. Detrás del cruce entre los dos lados, se aprecia el cuerpo de una columna fasciculada. hacia la mitad del lado del trascoro situado en la zona izquierda de la imagen, se aprecia el cuerpo de otra columna fasciculada, junto a la que se dispone el órgano</subfield>
        </datafield>
        <datafield tag="506" ind1=" " ind2=" ">
            <subfield code="a">Access copy available to the general public</subfield>
            <subfield code="f">Unrestricted</subfield>
        </datafield>
        <datafield tag="540" ind1=" " ind2=" ">
            <subfield code="9">info:eu-repo/semantics/openAccess</subfield>
            <subfield code="a">by-nc-nd</subfield>
            <subfield code="u">http://creativecommons.org/licenses/by-nc-nd/3.0/es/</subfield>
        </datafield>
        <datafield tag="567" ind1=" " ind2=" ">
            <subfield code="a">Copia en papel albúmina a partir de negativo de vidrio al colodión</subfield>
        </datafield>
        <datafield tag="653" ind1=" " ind2=" ">
            <subfield code="a">Catedral de Zaragoza -- Fotografías -- Obras anteriores a 1900</subfield>
        </datafield>
        <datafield tag="653" ind1=" " ind2=" ">
            <subfield code="a">Fotografía de arquitectura -- España -- Obras anteriores a 1900</subfield>
        </datafield>
        <datafield tag="653" ind1=" " ind2=" ">
            <subfield code="a">Zaragoza -- S. XIX -- Fotografías -- Obras anteriores a 1900</subfield>
        </datafield>
        <datafield tag="655" ind1=" " ind2="4">
            <subfield code="a">info:eu-repo/semantics/other</subfield>
        </datafield>
        <datafield tag="856" ind1="4" ind2=" ">
            <subfield code="s">443211</subfield>
            <subfield code="u">http://zaguan.unizar.es/record/61780/files/Laurent_p60.pdf</subfield>
            <subfield code="z">Vista del trascoro de la Iglesia de La Seo / J. Laurent</subfield>
        </datafield>
        <datafield tag="856" ind1="4" ind2=" ">
            <subfield code="s">4561</subfield>
            <subfield code="u">http://zaguan.unizar.es/record/61780/files/Laurent_p60.jpg?subformat=icon</subfield>
            <subfield code="x">icon</subfield>
            <subfield code="z">Vista del trascoro de la Iglesia de La Seo / J. Laurent</subfield>
        </datafield>
        <datafield tag="907" ind1=" " ind2=" ">
            <subfield code="a">.b1715770</subfield>
        </datafield>
        <datafield tag="980" ind1=" " ind2=" ">
            <subfield code="a">PERSONAL</subfield>
            <subfield code="b">LAURENT</subfield>
        </datafield>
    </record>

    
</collection>